000
00254nam a22000857a 4500
008
160907b xxu||||| |||| 00| 0 eng d
100
_9
314
_a
Jain, A.K., et al
245
_a
Basic Health and Physical Education - 8
260
_a
New Delhi
_b
Avichal publication
_c
2008
999
_c
2974
_d
2974